00624nam a22001937a 4500008004100000041000900041082001200050100002800062245006800090260002200158502005100180650001300231650001900244650001300263650002200276942001200298999001900310952010100329221218b |||||||| |||| 00| 0 eng d aEng. aCD20388 aMandal, Dhirendra Kumar aInter- lingual errors committed by Maithili learners of English aKathmandu: c2021 aDissertation (Degree in English education), TU aLiteracy aEthnic groups  aLanguage aEnglish education 2ddccVM c106068d106056 00102ddc4070aTUCLbTUCLd2022-12-18l0oCD20388pA20338r2022-12-18 00:00:00w2022-12-18yVM